000 00330cam a2200133ua 4500
041 _amal
_h
082 _a894.812 803
_bPAR/OR
100 _aParameswaran, Pillai .
245 _aOur Atmasuhrutinte Anusmaranam /
_cG Paramesuaran Pillai.
_hTextual Documents
300 _a157 ; .
504 _a
942 _cBK
999 _c3746
_d3746